| 000 | 00515cam a2200193ua 4500 | ||
|---|---|---|---|
| 001 | 9358 | ||
| 008 | 150812n ii |||gr||||Z||||||asm | ||
| 040 | _cMAIN | ||
| 041 | _aasm | ||
| 082 | _a371.33 | ||
| 100 |
_aChaliha, Beda Kumar, _eAuthor. |
||
| 245 | 1 |
_aShaikshyik prayuktibidya _cby Beda Kumar Chaliha |
|
| 250 | _a1st ed. | ||
| 260 |
_aGolaghat: _bSaraswati prakashan, _c2008. |
||
| 300 | _a344p. | ||
| 653 | _aSchools & their activities special education | ||
| 653 | _aEducational technology | ||
| 942 | _cBK | ||
| 999 |
_c8418 _d8418 |
||